000 00255nam a22001217a 4500
008 181020b xxu||||| |||| 00| 0 eng d
041 _aeng
080 _23rd
_a617
100 _a6
101 _aKIR
245 _aSurgical Anatomy
_cAnson
942 _2udc
_cBK
999 _c50308
_d50308